| 000 | 003710000a22001570004500 | ||
|---|---|---|---|
| 041 | 0 | _aENG | |
| 082 | 0 | 4 | _aE 808.0427 B4331 |
| 100 | 1 | _aBell, Bernard | |
| 245 | 1 | 0 | _aAssignments and how to write them / Bernard Bell |
| 250 | _a2 ed. | ||
| 260 | _aVancouver : Regent College , 1997 | ||
| 300 | _a79 p. | ||
| 505 | 0 | 0 | _aRedacción academica |
| 001 | 17570 | ||
| 942 | _cBK | ||
| 999 |
_c44231 _d44231 |
||